000 00771nam a2200253Ia 4500
003 OSt
005 20220928125141.0
006 a|||||r|||| 00| 0
007 ta
008 220927b |||||||| |||| 00| 0 eng d
020 _cINR 999.00
024 _a144989
037 _b359, 10/03/2021, Synergy Books India
_cTextual
040 _aSDCL
_cSDCL
_beng
041 _2eng
_aeng
082 _aV41:(Q4), R0 LR
100 _aThapar Romila
_9389041
245 0 _aGazing eastwards of Buddhist monks and revolutionaries in China
260 _aNew Delhi
_bALEPH
_c2020
300 _axvii,282p.
_ccm.
650 _aReference
942 _hV41:(Q4), R0 LR
_cTEXL
_2CC
999 _c781120
_d781120